00313nam a2200133Ia 45000030006000000080041000060400015000471000025000622450026000872500010001132600027001235460012001500050017001620STCL150530s9999 xx 000 0 und d aSTCLcSTCL aLamb; Gordon; Editor aLamb prose and poetry aFirst bUniversity pressc1950 aEnglish20220125171110.0